| 000 | 01097cam a2200289 a 4500 | ||
|---|---|---|---|
| 999 |
_c234657 _d234657 |
||
| 001 | 2824433 | ||
| 003 | Nust | ||
| 005 | 20170329112901.0 | ||
| 008 | 831031s1984 nyu 000 1 eng | ||
| 010 | _a 83023237 | ||
| 020 | _a9780751505443 | ||
| 040 |
_aDLC _cDLC _dDLC _dOCoLC _dDLC |
||
| 050 | 0 | 0 |
_aPS3569.T33828 _bF8 1984 |
| 082 | 0 | 0 |
_a813.54 _bSTE |
| 100 | 1 | _aSteel, Danielle. | |
| 245 | 1 | 0 |
_aFull circle / _cDanielle Steel. |
| 260 |
_aNew York : _bDelacorte Press, _c1984. |
||
| 300 |
_a347 p. ; _c25 cm. |
||
| 650 | 0 |
_aMothers and daughters _xFiction. |
|
| 655 | 7 |
_aDomestic fiction. _2lcsh |
|
| 655 | 7 |
_aLove stories. _2gsafd |
|
| 856 | 4 | 1 |
_3Sample text _uhttp://www.loc.gov/catdir/samples/random041/83023237.html |
| 856 | 4 | 2 |
_3Publisher description _uhttp://www.loc.gov/catdir/description/random043/83023237.html |
| 856 | 4 | 2 |
_3Contributor biographical information _uhttp://www.loc.gov/catdir/enhancements/fy0728/83023237-b.html |
| 906 |
_a7 _bcbc _corignew _d1 _eocip _f19 _gy-gencatlg |
||
| 942 |
_2ddc _cBK |
||